<?xml version="1.0" encoding="UTF-8"?>
<record
    xmlns:xsi="http://www.w3.org/2001/XMLSchema-instance"
    xsi:schemaLocation="http://www.loc.gov/MARC21/slim http://www.loc.gov/standards/marcxml/schema/MARC21slim.xsd"
    xmlns="http://www.loc.gov/MARC21/slim">

  <leader>02495    a2200289   4500</leader>
  <controlfield tag="001">43334</controlfield>
  <controlfield tag="005">20260407155717.0</controlfield>
  <controlfield tag="008">260407a2007    arg                 spa d</controlfield>
  <controlfield tag="003">AR-UNSa-BCEJYS</controlfield>
  <datafield tag="040" ind1=" " ind2=" ">
    <subfield code="a">AR-UNSa-BCEJYS</subfield>
    <subfield code="b">spa</subfield>
    <subfield code="c">AR-UNSa-BCEJYS</subfield>
  </datafield>
  <datafield tag="080" ind1=" " ind2=" ">
    <subfield code="a">330</subfield>
    <subfield code="x">Econom&#xED;a en general</subfield>
  </datafield>
  <datafield tag="245" ind1="1" ind2="0">
    <subfield code="a">Principios de econom&#xED;a</subfield>
  </datafield>
  <datafield tag="020" ind1=" " ind2=" ">
    <subfield code="a">978-84-481-5672-5</subfield>
  </datafield>
  <datafield tag="250" ind1=" " ind2=" ">
    <subfield code="a">3a. ed.</subfield>
  </datafield>
  <datafield tag="264" ind1=" " ind2="1">
    <subfield code="a">Madrid :</subfield>
    <subfield code="b">McGraw-Hill</subfield>
    <subfield code="c">2007</subfield>
  </datafield>
  <datafield tag="300" ind1=" " ind2=" ">
    <subfield code="a">xlii, 946 p.</subfield>
    <subfield code="c">27 cm.</subfield>
  </datafield>
  <datafield tag="505" ind1=" " ind2=" ">
    <subfield code="a">1. Pensando como un economista - 2. Ventaja comparativa: base de intercambio - 3. Oferta y demanda: introducci&#xF3;n - 4. La elasticidad - 5. La demanda: el lado de los beneficios del mercado - 6. La oferta perfectamente competitiva: El lado del coste del mercado - 7. Eficiencia e intercambio - 8. La b&#xFA;squeda de beneficios y la mano invisible - 9. El comercio internacional - 10. El monopolio y otros tipos de competencia imperfecta - 11. La elecci&#xF3;n estrat&#xE9;gica en el oligopolio, la competencia monopol&#xED;stica y la vida diaria - 12. Externalidades y derechos de propiedad - 13. La econom&#xED;a de la informaci&#xF3;n - 14. Los mercados de trabajo, pobreza y la distribuci&#xF3;n de la renta - 15. El medio ambiente, la sanidad y la seguridad - 16. Los bienes p&#xFA;blicos y la pol&#xED;tica tributaria - 17. Macroeconom&#xED;a: Visi&#xF3;n panor&#xE1;mica de la econom&#xED;a - 18. Medici&#xF3;n de la actividad econ&#xF3;mica: El PIB y el desempleo - 19. Medici&#xF3;n de nivel de precios y de la inflaci&#xF3;n - 20. El crecimiento econ&#xF3;mico, la productividad y los niveles de vida - 21. Los trabajadores, los salarios y el desempleo en la econom&#xED;a moderna - 22. El ahorro y la formaci&#xF3;n de capital - 23. El dinero, los precios y la reserva federal - 24. Los mercados financieros y los movimientos internacionales de capitales - 25. Las fluctuaciones econ&#xF3;micas a corto plazo: introducci&#xF3;n - 26. El gasto y la producci&#xF3;n a corto plazo - 27. La estabilizaci&#xF3;n de la econom&#xED;a: El papel del banco central - 28. La inflaci&#xF3;n, la oferta agregada y la demanda agregada - 29. La pr&#xE1;ctica y las dificultades de la pol&#xED;tica macroecon&#xF3;mica - 30. Los tipos de cambio y la econom&#xED;a abiera</subfield>
  </datafield>
  <datafield tag="041" ind1=" " ind2=" ">
    <subfield code="a">spa</subfield>
  </datafield>
  <datafield tag="942" ind1=" " ind2=" ">
    <subfield code="c">BK</subfield>
  </datafield>
  <datafield tag="590" ind1=" " ind2=" ">
    <subfield code="a">niveau_biblio:m niveau_hierar:0</subfield>
  </datafield>
  <datafield tag="100" ind1="1" ind2=" ">
    <subfield code="a">Bernanke, Ben S.</subfield>
  </datafield>
  <datafield tag="700" ind1="1" ind2=" ">
    <subfield code="a">Frank, Robert H.</subfield>
  </datafield>
  <datafield tag="700" ind1="1" ind2=" ">
    <subfield code="a">Rabasco, Mar&#xED;a Esther</subfield>
  </datafield>
  <datafield tag="700" ind1="1" ind2=" ">
    <subfield code="a">Kaufman, Roger T.</subfield>
  </datafield>
  <datafield tag="700" ind1="1" ind2=" ">
    <subfield code="a">Carre&#xF3;n Rodr&#xED;guez, V&#xED;ctor G.</subfield>
  </datafield>
  <datafield tag="856" ind1="4" ind2="1">
    <subfield code="u">https://biblioeco.unsa.edu.ar/pmb/images/libros/L126648.jpg</subfield>
    <subfield code="y">Imagen de portada</subfield>
    <subfield code="q">image/jpeg</subfield>
  </datafield>
  <datafield tag="999" ind1=" " ind2=" ">
    <subfield code="c">3686</subfield>
    <subfield code="d">3686</subfield>
  </datafield>
  <datafield tag="952" ind1=" " ind2=" ">
    <subfield code="0">0</subfield>
    <subfield code="1">0</subfield>
    <subfield code="4">0</subfield>
    <subfield code="7">0</subfield>
    <subfield code="a">BCEJYS</subfield>
    <subfield code="b">BCEJYS</subfield>
    <subfield code="c">16</subfield>
    <subfield code="d">2026-04-07</subfield>
    <subfield code="l">0</subfield>
    <subfield code="o">330 B518 3ed.</subfield>
    <subfield code="p">L126648</subfield>
    <subfield code="r">2026-04-07 15:57:17</subfield>
    <subfield code="w">2026-04-07</subfield>
    <subfield code="y">L</subfield>
  </datafield>
</record>
